000 00768nam a22002177a 4500
005 20170124110245.0
010 _aA-947141
020 _c800.00
_a8186623345
035 _aA-947141
037 _bCen Lib/Ret
040 _aDPL
_bEN
082 _a664
_bMOD
110 _aDelhi.National Institute of Industrial Research
_9140193
245 _aModern technology of food processing and agro based industries /
260 _aDelhi
_bNational Institute of Industrial Research
270 _bDelhi
_a106-E, Kamla Nagar
_e110007
300 _a895p.
_c20cm(Hb)
650 _aFood industry and trade -- Technological innovations -- India.
_997358
650 _aFood industry and trade -- Technological innovations.
_997359
942 _2ddc
_cEN
_h664
_mMOD
999 _c135483
_d135483